<?xml version="1.0" encoding="UTF-8"?>
<collection xmlns="http://www.loc.gov/MARC21/slim">
 <record>
  <leader>02515cam a2200529 c 4500</leader>
  <controlfield tag="001">161945596X</controlfield>
  <controlfield tag="003">DE-627</controlfield>
  <controlfield tag="005">20250321015846.0</controlfield>
  <controlfield tag="007">tu</controlfield>
  <controlfield tag="008">980108s1997    xx ||||| c    00| ||ger c</controlfield>
  <datafield tag="015" ind1=" " ind2=" ">
   <subfield code="a">97,N17,0463</subfield>
   <subfield code="2">dnb</subfield>
  </datafield>
  <datafield tag="015" ind1=" " ind2=" ">
   <subfield code="a">97,A35,1052</subfield>
   <subfield code="2">dnb</subfield>
  </datafield>
  <datafield tag="016" ind1="7" ind2=" ">
   <subfield code="a">950114499</subfield>
   <subfield code="2">DE-101</subfield>
  </datafield>
  <datafield tag="020" ind1=" " ind2=" ">
   <subfield code="a">3932189140</subfield>
   <subfield code="9">3-932189-14-0</subfield>
  </datafield>
  <datafield tag="035" ind1=" " ind2=" ">
   <subfield code="a">(DE-627)161945596X</subfield>
  </datafield>
  <datafield tag="035" ind1=" " ind2=" ">
   <subfield code="a">(DE-576)063345013</subfield>
  </datafield>
  <datafield tag="035" ind1=" " ind2=" ">
   <subfield code="a">(DE-599)DNB950114499</subfield>
  </datafield>
  <datafield tag="035" ind1=" " ind2=" ">
   <subfield code="a">(OCoLC)75945795</subfield>
  </datafield>
  <datafield tag="040" ind1=" " ind2=" ">
   <subfield code="a">DE-627</subfield>
   <subfield code="b">ger</subfield>
   <subfield code="c">DE-627</subfield>
   <subfield code="e">rakwb</subfield>
  </datafield>
  <datafield tag="041" ind1=" " ind2=" ">
   <subfield code="a">ger</subfield>
  </datafield>
  <datafield tag="084" ind1=" " ind2=" ">
   <subfield code="a">9,11</subfield>
   <subfield code="2">ssgn</subfield>
  </datafield>
  <datafield tag="084" ind1=" " ind2=" ">
   <subfield code="a">LH 42820</subfield>
   <subfield code="2">rvk</subfield>
   <subfield code="0">(DE-625)rvk/93486:</subfield>
  </datafield>
  <datafield tag="245" ind1="0" ind2="0">
   <subfield code="a">Peter Wüthrich, Lesend</subfield>
   <subfield code="b">dieses Künstlerbuch erscheint zur Ausstellung in der Galerie Jule Kewenig, Frechen</subfield>
   <subfield code="c">hrsg. von Gérard A. Goodrow ...</subfield>
  </datafield>
  <datafield tag="263" ind1=" " ind2=" ">
   <subfield code="a">kart. : DM 15.00</subfield>
  </datafield>
  <datafield tag="264" ind1=" " ind2="1">
   <subfield code="a">Köln</subfield>
   <subfield code="b">Salon-Verl.</subfield>
   <subfield code="c">1997</subfield>
  </datafield>
  <datafield tag="300" ind1=" " ind2=" ">
   <subfield code="a">[28] S.</subfield>
   <subfield code="b">Ill.</subfield>
  </datafield>
  <datafield tag="336" ind1=" " ind2=" ">
   <subfield code="a">unbewegtes Bild</subfield>
   <subfield code="b">sti</subfield>
   <subfield code="2">rdacontent</subfield>
  </datafield>
  <datafield tag="337" ind1=" " ind2=" ">
   <subfield code="a">ohne Hilfsmittel zu benutzen</subfield>
   <subfield code="b">n</subfield>
   <subfield code="2">rdamedia</subfield>
  </datafield>
  <datafield tag="338" ind1=" " ind2=" ">
   <subfield code="a">Band</subfield>
   <subfield code="b">nc</subfield>
   <subfield code="2">rdacarrier</subfield>
  </datafield>
  <datafield tag="490" ind1="1" ind2=" ">
   <subfield code="a">Edition séparée</subfield>
   <subfield code="v">14</subfield>
  </datafield>
  <datafield tag="655" ind1=" " ind2="7">
   <subfield code="a">Bildband</subfield>
   <subfield code="0">(DE-588)4145395-5</subfield>
   <subfield code="0">(DE-627)104450835</subfield>
   <subfield code="0">(DE-576)209741139</subfield>
   <subfield code="2">gnd-content</subfield>
  </datafield>
  <datafield tag="655" ind1=" " ind2="7">
   <subfield code="a">Ausstellungskatalog</subfield>
   <subfield code="x">Galerie Jule Kewenig</subfield>
   <subfield code="y">[1997]</subfield>
   <subfield code="0">(DE-588)4135467-9</subfield>
   <subfield code="0">(DE-627)10566491X</subfield>
   <subfield code="0">(DE-576)209660988</subfield>
   <subfield code="2">gnd-content</subfield>
  </datafield>
  <datafield tag="689" ind1="0" ind2="0">
   <subfield code="d">p</subfield>
   <subfield code="0">(DE-588)119244136</subfield>
   <subfield code="0">(DE-627)080046169</subfield>
   <subfield code="0">(DE-576)211754439</subfield>
   <subfield code="a">Wüthrich, Peter</subfield>
   <subfield code="d">1962-</subfield>
   <subfield code="2">gnd</subfield>
  </datafield>
  <datafield tag="689" ind1="0" ind2="1">
   <subfield code="d">s</subfield>
   <subfield code="0">(DE-588)4167441-8</subfield>
   <subfield code="0">(DE-627)10542532X</subfield>
   <subfield code="0">(DE-576)209908718</subfield>
   <subfield code="a">Lesen</subfield>
   <subfield code="g">Motiv</subfield>
   <subfield code="2">gnd</subfield>
  </datafield>
  <datafield tag="689" ind1="0" ind2=" ">
   <subfield code="5">DE-101</subfield>
  </datafield>
  <datafield tag="700" ind1="1" ind2=" ">
   <subfield code="a">Goodrow, Gérard A.</subfield>
   <subfield code="d">1964-</subfield>
   <subfield code="e">Hrsg.</subfield>
   <subfield code="0">(DE-588)114054363</subfield>
   <subfield code="0">(DE-627)577697757</subfield>
   <subfield code="0">(DE-576)174879083</subfield>
   <subfield code="4">edt</subfield>
  </datafield>
  <datafield tag="700" ind1="1" ind2=" ">
   <subfield code="8">1\p</subfield>
   <subfield code="a">Wüthrich, Peter</subfield>
   <subfield code="d">1962-</subfield>
   <subfield code="e">Ill.</subfield>
   <subfield code="0">(DE-588)119244136</subfield>
   <subfield code="0">(DE-627)080046169</subfield>
   <subfield code="0">(DE-576)211754439</subfield>
   <subfield code="4">ill</subfield>
  </datafield>
  <datafield tag="710" ind1="2" ind2=" ">
   <subfield code="a">Galerie Jule Kewenig</subfield>
   <subfield code="g">Frechen</subfield>
   <subfield code="0">(DE-588)2098168-5</subfield>
   <subfield code="0">(DE-627)100707777</subfield>
   <subfield code="0">(DE-576)192968076</subfield>
   <subfield code="4">oth</subfield>
  </datafield>
  <datafield tag="787" ind1="0" ind2="8">
   <subfield code="i">Rezension</subfield>
   <subfield code="a">Jahre, Lutz</subfield>
   <subfield code="t">Lesende: Ein Künstlerbuch</subfield>
   <subfield code="d">1997</subfield>
   <subfield code="w">(DE-627)1522871403</subfield>
   <subfield code="w">(DE-576)452871409</subfield>
  </datafield>
  <datafield tag="830" ind1=" " ind2="0">
   <subfield code="a">Édition séparée</subfield>
   <subfield code="v">14</subfield>
   <subfield code="9">14</subfield>
   <subfield code="w">(DE-627)513631577</subfield>
   <subfield code="w">(DE-576)054132665</subfield>
   <subfield code="w">(DE-600)2240088-6</subfield>
   <subfield code="7">am</subfield>
  </datafield>
  <datafield tag="883" ind1=" " ind2=" ">
   <subfield code="8">1</subfield>
   <subfield code="a">cgwrk</subfield>
   <subfield code="d">20250301</subfield>
   <subfield code="q">DE-101</subfield>
   <subfield code="u">https://d-nb.info/provenance/plan#cgwrk</subfield>
  </datafield>
  <datafield tag="936" ind1="r" ind2="v">
   <subfield code="a">LH 42820</subfield>
   <subfield code="b">Frechen</subfield>
   <subfield code="k">Kunstgeschichte</subfield>
   <subfield code="k">Allgemeines. Allgemeine Kunstgeschichte</subfield>
   <subfield code="k">Ausstellungswesen, Ausstellungskataloge</subfield>
   <subfield code="k">Ausstellungskataloge</subfield>
   <subfield code="k">Orte F</subfield>
   <subfield code="k">Frechen</subfield>
   <subfield code="0">(DE-627)1274786525</subfield>
   <subfield code="0">(DE-625)rvk/93486:</subfield>
   <subfield code="0">(DE-576)204786525</subfield>
  </datafield>
  <datafield tag="951" ind1=" " ind2=" ">
   <subfield code="a">BO</subfield>
  </datafield>
  <datafield tag="990" ind1=" " ind2=" ">
   <subfield code="a">Wüthrich, Peter</subfield>
  </datafield>
  <datafield tag="990" ind1=" " ind2=" ">
   <subfield code="a">Lesen</subfield>
  </datafield>
  <datafield tag="991" ind1=" " ind2=" ">
   <subfield code="a">Rezensiertes Werk</subfield>
  </datafield>
  <datafield tag="999" ind1=" " ind2=" ">
   <subfield code="a">KXP-PPN161945596X</subfield>
   <subfield code="e">4149070466</subfield>
  </datafield>
 </record>
</collection>
